000 00476nmm a2200169Ia 4500
008 251105s9999||||xx |||||||||||||||||und||
020 _a9789681658380
041 _aspa
100 _aFriedlaender, Ludwig
245 0 _aEl circo romano
264 _a[México D.C., Mexico] :
_bFondo de Cultura Económica,
_c1999
300 _a67 páginas
490 _aFondo 2000
650 _aHistory of Europe
856 _uhttps://public.digitaliapublishing.com/a/64254
942 _cCF
999 _c96883
_d96883